300 palavras em italiano para portugues - Statistics

Estatísticas Gerais
  • Esse quiz foi jogado 44 vezes
  • A pontuação média é 100 de 300
Estatísticas das Respostas
Italiano Português % Correto
Eu io
68%
Três Tre
68%
Ali
65%
Nome Nome
65%
Café Caffè
62%
Oi ciao
62%
Cidade Città
62%
Foto Foto
62%
62%
Número Numero
62%
Boa noite buonanotte
59%
Bom dia buongiorno
59%
Filme Film
59%
Gente Gente
59%
obrigado grazie
59%
Internet Internet
59%
Ela Lei
59%
Mão Mano
59%
Música Musica
59%
Pessoa Persona
59%
Sete Sette
59%
Telefone Telefono
59%
Universidade Università
59%
Vídeo Video
59%
Bar Bar
56%
Bom fim de tarde buonasera
56%
Morte Morte
56%
Pão Pane
56%
Primeiro Primo
56%
Água Acqua
53%
Ideia Idea
53%
Livro Libro
53%
Ele Lui
53%
Estação Stazione
53%
Amor Amore
50%
Boca Bocca
50%
Como Come
50%
Fim Fine
50%
Fruta Frutta
50%
Trabalho Lavoro
50%
Peixe Pesce
50%
Praça Piazza
50%
Pouco Poco
50%
Sal Sale
50%
Escola Scuola
50%
Tu – Tu/Você Tu
50%
Último Ultimo
50%
Vida Vita
50%
Açúcar Zucchero
50%
Amigo Amico
47%
Cantar Cantare
47%
Quem Chi
47%
Início Inizio
47%
Leite Latte
47%
Comer Mangiare
47%
Mercado Mercato
47%
Nós Noi
47%
Noite Notte
47%
Hoje Oggi
47%
País Paese
47%
Porta Porta
47%
Restaurante Ristorante
47%
te amo ti amo
47%
Ovo Uovo
47%
Ano Anno
44%
Caminhar Camminare
44%
Cinco Cinque
44%
Computador Computer
44%
Corpo Corpo
44%
Família Famiglia
44%
Carro Macchina
44%
Loja Negozio
44%
Oito Otto
44%
Parte Parte
44%
Preço Prezzo
44%
Um Uno
44%
Aeroporto Aeroporto
41%
Amar Amare
41%
Abrir Aprire
41%
Bicicleta Bicicletta
41%
Boa tarde buon pomeriggio
41%
Carne Carne
41%
Dez Dieci
41%
Dois Due
41%
Fome Fame
41%
Dia Giorno
41%
Meio Mezzo
41%
Preto Nero
41%
Notícia Notizia
41%
Olho Occhio
41%
prazer piacere
41%
Problema Problema
41%
Resposta Risposta
41%
Solução Soluzione
41%
Tempo Tempo
41%
Ir Andare
38%
Banheiro Bagno
38%
Criança Bambino
38%
Bom Buono
38%
Casa Casa
38%
Jantar Cena
38%
Sobrenome Cognome
38%
Correr Correre
38%
Difícil Difficile
38%
Amanhã Domani
38%
Dormir Dormire
38%
Entrar Entrare
38%
Feliz Felice
38%
Queijo Formaggio
38%
Eles/Elas Loro
38%
Hospital Ospedale
38%
Partir Partire
38%
Piede
38%
Almoço Pranzo
38%
de nada prego
38%
Seis Sei
38%
Semana Settimana
38%
Dinheiro Soldi
38%
História Storia
38%
Viajar Viaggiare
38%
Vocês Voi
38%
Ônibus Autobus
35%
Branco Bianco
35%
Cozinha Cucina
35%
Dar Dare
35%
Onde Dove
35%
Fácil Facile
35%
Janela Finestra
35%
Frio Freddo
35%
Inteiro Intero
35%
Cama Letto
35%
Nove Nove
35%
Por que Perché
35%
Qual Quale
35%
Vermelho Rosso
35%
Subir Salire
35%
Saber Sapere
35%
Cabeça Testa
35%
Verde Verde
35%
Verdura Verdura
35%
Viver Vivere
35%
Hotel Albergo
32%
Alto Alto
32%
Banco Banca
32%
Bonito Bello
32%
Azul Blu
32%
Coração Cuore
32%
Documento Documento
32%
Pergunta Domanda
32%
Mulher Donna
32%
Trabalhar Lavorare
32%
Mês Mese
32%
Muito Molto
32%
Novo Nuovo
32%
Pagar Pagare
32%
Caneta Penna
32%
Perder Perdere
32%
Pequeno Piccolo
32%
Quatro Quattro
32%
Aqui Qui
32%
Sempre Sempre
32%
Sede Sete
32%
Estudar Studiare
32%
Trem Treno
32%
Homem Uomo
32%
Verdade Verità
32%
Acender/Ligar Accendere
29%
Ter Avere
29%
Papel Carta
29%
Fechar Chiudere
29%
Café da manhã Colazione
29%
Crescer Crescere
29%
Erro Errore
29%
Ser/Estar Essere
29%
Fazer Fare
29%
Amarelo Giallo
29%
Grande Grande
29%
Ontem Ieri
29%
Lavar Lavare
29%
Longe Lontano
29%
Falar Parlare
29%
Pensar Pensare
29%
Quando Quando
29%
Saúde Salute
29%
Cadeira Sedia
29%
Rua Strada
29%
Sucesso Successo
29%
Quente Caldo
26%
Entender Capire
26%
Comprar Comprare
26%
Conta Conto
26%
Criar Creare
26%
Aprender Imparare
26%
Muitos Molti
26%
Chorar Piangere
26%
Rir Ridere
26%
Cansado Stanco
26%
Ficar/Estar Stare
26%
Mesa Tavolo
26%
Tudo Tutto
26%
Sair Uscire
26%
Outro Altro
24%
Amizade Amicizia
24%
Mudar Cambiare
24%
Dizer Dire
24%
Forte Forte
24%
Jogar/Brincar Giocare
24%
Ler Leggere
24%
Nada Niente
24%
Poucos Pochi
24%
Povo Popolo
24%
Limpar Pulire
24%
Este Questo
24%
Velho Vecchio
24%
Ver Vedere
24%
Vir Venire
24%
Chegar Arrivare
21%
Escutar Ascoltare
21%
Baixo Basso
21%
Feio Brutto
21%
Contar Contare
21%
Acreditar Credere
21%
Desenhar Disegnare
21%
Depois Dopo
21%
Dever Dovere
21%
Fora Fuori
21%
Olhar Guardare
21%
Dirigir Guidare
21%
Nadar Nuotare
21%
Poder Potere
21%
Pegar Prendere
21%
Aquele Quello
21%
Pular Saltare
21%
Triste Triste
21%
Vender Vendere
21%
Vencer Vincere
21%
Alguns Alcuni
18%
Às vezes A volte
18%
Dançar Ballare
18%
Mentira Bugia
18%
Fraco Debole
18%
Dentro Dentro
18%
Esquecer Dimenticare
18%
Ensinar Insegnare
18%
Deixar Lasciare
18%
Nunca Mai
18%
Colocar Mettere
18%
com licença mi scusi
18%
Cada Ogni
18%
Preparar Preparare
18%
Antes Prima
18%
Lembrar Ricordare
18%
Descer Scendere
18%
Ouvir/Sentir Sentire
18%
Servir Servire
18%
Cortar Tagliare
18%
Escritório Ufficio
18%
Rápido Veloce
18%
Beber Bere
15%
Construir Costruire
15%
Fracasso Fallimento
15%
Doente Malato
15%
me desculpe me dispiace
15%
por favor per piacere
15%
Levar | Trazer/Levar Portare
15%
Tentar Provare
15%
Algo Qualcosa
15%
Ficar | Permanecer Restare
15%
Escrever Scrivere
15%
Frequentemente Spesso
15%
Mesmo Stesso
15%
Voltar Tornare
15%
Achar | Encontrar Trovare
15%
Querer Volere
15%
Aprender Aprendere
12%
Ruim Cattivo
12%
Como vai como stai
12%
Devagar Lento
12%
Pedir/Ordenar Ordinare
12%
Receber Ricevere
12%
Saudável Sano
12%
Em cima Sopra
12%
Embaixo Sotto
12%
Apagar/Desligar Spegnere
12%
Perto Vicino
12%
Destruir Distruggere
9%
Enviar Mandare
9%
Medir Misurare
9%
Oferecer Offrire
9%
Conseguir Riuscire
9%
Explicar Spiegare
9%
Segurar/Manter Tenere
9%
Devolver Restituire
3%
Nenhum quiz correspondente encontrado
Distribuição das Pontuações
Porcentagem de Pessoas com Cada Pontuação
Percentil de Números Respondidos
Sua Pontuação Histórica
Você não jogou esse quiz